Normal view
MARC view
- Marketing-Management
Entry Topical Term
001 - CONTROL NUMBER
- control field: 1498
003 - CONTROL NUMBER IDENTIFIER
- control field: JO-AjAnu
005 - DATE AND TIME OF LATEST TRANSACTION
- control field: 20230606070541.0
008 - FIXED-LENGTH DATA ELEMENTS
- fixed length control field: 230606|| aca||aabn | a|a d
040 ## - CATALOGING SOURCE
- Original cataloging agency: JO-AjAnu
- Transcribing agency: JO-AjAnu
150 ## - HEADING--TOPICAL TERM
- Topical term or geographic name entry element: Marketing-Management
670 ## - SOURCE DATA FOUND
- Source citation: Work cat.: (JO-AjAnu)788: Walker,Orville C/John W.Mullins/Harper W.Boyd/Jean-Claude Larreche, author 1497, Marketing Strategy:A Decision - Focused Approach